Introduction to management accounting : (Record no. 1063)
[ view plain ]
| 000 -LEADER | |
|---|---|
| fixed length control field | 00858cac a22002051u 4500 |
| 008 - FIXED-LENGTH DATA ELEMENTS--GENERAL INFORMATION | |
| fixed length control field | 090113s2005 nj ill |r|||| 001 0 eng d |
| 020 ## - INTERNATIONAL STANDARD BOOK NUMBER | |
| International Standard Book Number | 0131273086 (pbk.) |
| 082 ## - DEWEY DECIMAL CLASSIFICATION NUMBER | |
| Classification number | 658.1511 |
| Item number | HOR |
| Edition number | 22 |
| 245 ## - TITLE STATEMENT | |
| Title | Introduction to management accounting : |
| Remainder of title | [chapters 1-14] / |
| Statement of responsibility, etc | Charles T. Horngren, Gary L. Sundem, William O. Stratton. |
| 250 ## - EDITION STATEMENT | |
| Edition statement | 13th International ed. |
| 260 ## - PUBLICATION, DISTRIBUTION, ETC. (IMPRINT) | |
| Place of publication, distribution, etc | Upper Saddle River, N.J.: |
| Name of publisher, distributor, etc | Pearson Education International, |
| Date of publication, distribution, etc | c2005. |
| 300 ## - PHYSICAL DESCRIPTION | |
| Extent | xix, 674, [22] p. : |
| Other physical details | col. ill., col. ports. ; |
| Dimensions | 28 cm. |
| 440 ## - | |
| -- | Charles T. Horngren series in accounting |
| -- | 33521 |
| 500 ## - GENERAL NOTE | |
| General note | T.p. gives 14th ed., elsewhere on book 13th ed. |
| 504 ## - BIBLIOGRAPHY, ETC. NOTE | |
| Bibliography, etc | Includes bibliographical references and index. |
| 650 ## - SUBJECT ADDED ENTRY--TOPICAL TERM | |
| Topical term or geographic name as entry element | Managerial accounting. |
| 9 (RLIN) | 33522 |
| 700 ## - ADDED ENTRY--PERSONAL NAME | |
| Personal name | Sundem, Gary L. |
| 9 (RLIN) | 33523 |
| 700 ## - ADDED ENTRY--PERSONAL NAME | |
| Personal name | Stratton, William O. |
| 9 (RLIN) | 33524 |
| 942 ## - ADDED ENTRY ELEMENTS (KOHA) | |
| Item type | Book - Borrowing |
| Call number prefix | 658.1511HOR |
| Source of classification or shelving scheme | Dewey Decimal Classification |
| Withdrawn status | Item status | Source of classification or shelving scheme | Damaged status | Not for loan | Home library | Current library | Shelving location | Date acquired | Source of acquisition | Total Checkouts | Total Renewals | Full call number | Barcode | Date last seen | Date last borrowed | Koha item type |
|---|---|---|---|---|---|---|---|---|---|---|---|---|---|---|---|---|
| Dewey Decimal Classification | Central Library | Central Library | First floor | 20/08/2006 | Purchase | 5 | 2 | 658.1511 HOR | 000003434 | 15/07/2025 | 30/10/2014 | Book - Borrowing |